Catalog

Record Details

Catalog Search



The Sanctity of Sex  Cover Image Book Book

The Sanctity of Sex / Stephen F. Olford and Frank A. Lawes

Olford, Stephen F. (Author). Lawes, Frank A. (Added Author).

Record details

  • Physical Description: 128 p.
  • Publisher: London Pickering and Inglis Ltd. MCMLXIII

Available copies

  • 1 of 1 copy available at Common Catalog SPOK.

Holds

  • 0 current holds with 1 total copy.
Show Only Available Copies
Location Call Number / Copy Notes Barcode Shelving Location Status Due Date
ETS Library 248.844 424470011703 Volný výběr Available -

LDR 00656nam a2 00241
00140449
003CZ-PrJAB
00520090721000000.0
008090721s1800 xxk e |||| |eng
009gb
035 . ‡a(CONS)8077
035 . ‡aKPS13082
040 . ‡aABG450
041 . ‡aeng
08214. ‡a248.844
100 . ‡7763 ‡aOlford, Stephen F.
245 . ‡aThe Sanctity of Sex / ‡cStephen F. Olford and Frank A. Lawes
260 . ‡aLondon ‡bPickering and Inglis Ltd. ‡cMCMLXIII
300 . ‡a128 p.
653 . ‡aThe Sanctity of Sex
700 . ‡76875 ‡aLawes, Frank A.
8524 . ‡bETS ‡bETS ‡cVolný výběr ‡j248.844 ‡gA ‡p424470011703
910 . ‡aABG450
999 . ‡a8077 ‡bAUTOGEN ‡c8077 ‡tbiblio
905 . ‡uadmin
901 . ‡a40449 ‡b ‡c40449 ‡tbiblio ‡sets

Additional Resources